000 00605nam a22001697a 4500
005 20251108165817.0
008 250721s1986 xx 000 0 ara d
082 1 4 _aط/214.2/سمي
100 1 _aالزين، سميح عاطف
245 1 0 _aزكريا و يحيى و عيسي /
264 1 _aبيروت :
_bدار الكتاب اللبناني: مكتبة المدرسة،
_c1986.
300 _a100ص0
490 0 _aقصص الانبياء في القرآن الكريم المختارة من مجمع البيان الحديث ،7
650 1 7 _aالنبوات
942 _2ddc
_cBK
999 _c31896
_d31896